000 00378nam a2200145Ia 4500
005 20250612022919.0
008 240331s9999 xx 000 0 und d
082 _bJAY
_a322
100 _aJayawardena, K
245 0 _aKaralikara bikshuhu
260 _aColombo
_bCentre For Society & Religion
300 _a22 p ., ( c 1)
500 _aA book of rebellious the monks
942 _cL
999 _c2353
_d2353